Radicals in America : (Record no. 49380)

MARC details
000 -LEADER
campo de control de longitud fija 03176cam a22005298i 4500
001 - NÚMERO DE CONTROL
campo de control 128598
005 - FECHA Y HORA DE LA ÚLTIMA TRANSACCIÓN
campo de control 20230410115847.0
008 - DATOS DE LONGITUD FIJA--INFORMACIÓN GENERAL
campo de control de longitud fija 150302s2015 nyu b 001 0 eng
035 ## - NÚMERO DE CONTROL DEL SISTEMA
Número de control de sistema 18511957
010 ## - NÚMERO DE CONTROL DE LA BIBLIOTECA DEL CONGRESO
Número de control de LC 2015005774
020 ## - NÚMERO INTERNACIONAL ESTÁNDAR DEL LIBRO
Número Internacional Estándar del Libro 9780521515603 (hardback)
020 ## - NÚMERO INTERNACIONAL ESTÁNDAR DEL LIBRO
Número Internacional Estándar del Libro 9780521731331 (paperback)
040 ## - FUENTE DE CATALOGACIÓN
Centro catalogador/agencia de origen DLC
Lengua de catalogación eng
Centro/agencia transcriptor DLC
Normas de descripción rda
Centro/agencia modificador DLC
041 ## - CÓDIGO DE IDIOMA
Código de lengua del texto/banda sonora o título independiente Eng
042 ## - CÓDIGO DE AUTENTICACIÓN
Código de autenticación pcc
043 ## - CÓDIGO DE ÁREA GEOGRÁFICA
Código de área geográfica n-us---
050 14 - SIGNATURA TOPOGRÁFICA DE LA BIBLIOTECA DEL CONGRESO
Número de clasificación HN 57
Número de ítem B849r 2015
082 00 - NÚMERO DE LA CLASIFICACIÓN DECIMAL DEWEY
Número de clasificación 303.48/4
100 1# - ENTRADA PRINCIPAL--NOMBRE DE PERSONA
Nombre de persona Brick, Howard,
Fechas asociadas al nombre 1953-
245 10 - MENCIÓN DEL TÍTULO
Título Radicals in America :
Resto del título the US Left since the Second World War /
Mención de responsabilidad, etc. Howard Brick (University of Michigan, Ann Arbor), Christopher Phelps (University of Nottingham).
260 ## - PUBLICACIÓN, DISTRIBUCIÓN, ETC.
Lugar de publicación, distribución, etc. New York, NY :
Nombre del editor, distribuidor, etc. Cambridge University Press,
Fecha de publicación, distribución, etc. 2015.
300 ## - DESCRIPCIÓN FÍSICA
Extensión ix, 355 p. :
Otras características físicas il. ;
Dimensiones 23 cm.
490 0# - MENCIÓN DE SERIE
Mención de serie Cambridge essential histories
520 2# - RESUMEN, ETC.
Sumario, etc. "Radicals in America offers the first complete and continuous history of left-wing social movements in the United States from the Second World War to the present. The book traces the full panoply of radical activist causes--socialism, Communism, the labor movement, anarchism, pacifism, anti-racism, women's rights, LGBT liberation, ecology, indigenous rights, and world social justice--in ways that show how successive generations join currents of dissent, face setbacks and political repression, and generate new challenges to the status quo, even in periods when conservatism appears to push protest to the margins of American society"--
Fuente proveedora Provided by publisher.
504 ## - NOTA DE BIBLIOGRAFÍA, ETC.
Nota de bibliografía, etc. Includes bibliographical references and index.
505 0# - NOTA DE CONTENIDO CON FORMATO
Nota de contenido con formato Introduction: Margin and Mainstream in the American Radical Experience -- War and Peace, 1939-1948 -- All Over this Land, 1949-1959 -- A New Left, 1960-1964 -- The Revolution Will Be Live, 1965-1973 -- Anticipation, 1973-1980 -- Over the Rainbow, 1981-1989 -- What Democracy Looks Like, 1990 to the Present -- Conclusion: Radicalism's Future.
650 #0 - PUNTO DE ACCESO ADICIONAL DE MATERIA--TÉRMINO DE MATERIA
Término de materia o nombre geográfico como elemento de entrada Social movements
Subdivisión geográfica United States
Subdivisión general History
Subdivisión cronológica 20th century.
650 #0 - PUNTO DE ACCESO ADICIONAL DE MATERIA--TÉRMINO DE MATERIA
Término de materia o nombre geográfico como elemento de entrada Social movements
Subdivisión geográfica United States
Subdivisión general History
Subdivisión cronológica 21st century.
650 #0 - PUNTO DE ACCESO ADICIONAL DE MATERIA--TÉRMINO DE MATERIA
Término de materia o nombre geográfico como elemento de entrada Radicalism
Subdivisión geográfica United States
Subdivisión general History.
650 #0 - PUNTO DE ACCESO ADICIONAL DE MATERIA--TÉRMINO DE MATERIA
Término de materia o nombre geográfico como elemento de entrada Political activists
Subdivisión geográfica United States
Subdivisión general History.
650 #0 - PUNTO DE ACCESO ADICIONAL DE MATERIA--TÉRMINO DE MATERIA
Término de materia o nombre geográfico como elemento de entrada Dissenters
Subdivisión geográfica United States
Subdivisión general History.
650 #0 - PUNTO DE ACCESO ADICIONAL DE MATERIA--TÉRMINO DE MATERIA
Término de materia o nombre geográfico como elemento de entrada Liberalism
Subdivisión geográfica United States
Subdivisión general History.
650 #0 - PUNTO DE ACCESO ADICIONAL DE MATERIA--TÉRMINO DE MATERIA
Término de materia o nombre geográfico como elemento de entrada Right and left (Political science)
Subdivisión geográfica United States
Subdivisión general History.
651 #0 - PUNTO DE ACCESO ADICIONAL DE MATERIA--NOMBRE GEOGRÁFICO
Nombre geográfico United States
Subdivisión general Politics and government
Subdivisión cronológica 1933-1945.
651 #0 - PUNTO DE ACCESO ADICIONAL DE MATERIA--NOMBRE GEOGRÁFICO
Nombre geográfico United States
Subdivisión general Politics and government
Subdivisión cronológica 1945-1989.
651 #0 - PUNTO DE ACCESO ADICIONAL DE MATERIA--NOMBRE GEOGRÁFICO
Nombre geográfico United States
Subdivisión general Politics and government
Subdivisión cronológica 1989-
650 #4 - PUNTO DE ACCESO ADICIONAL DE MATERIA--TÉRMINO DE MATERIA
Término de materia o nombre geográfico como elemento de entrada Movimientos sociales
Subdivisión general Historia
Subdivisión geográfica Estados Unidos
Subdivisión cronológica Siglo XX.
650 #4 - PUNTO DE ACCESO ADICIONAL DE MATERIA--TÉRMINO DE MATERIA
Término de materia o nombre geográfico como elemento de entrada Movimientos sociales
Subdivisión general Historia
Subdivisión geográfica Estados Unidos
Subdivisión cronológica Siglo XXI.
650 #4 - PUNTO DE ACCESO ADICIONAL DE MATERIA--TÉRMINO DE MATERIA
Término de materia o nombre geográfico como elemento de entrada Radicalismo
Subdivisión general Historia
Subdivisión geográfica Estados Unidos.
650 #4 - PUNTO DE ACCESO ADICIONAL DE MATERIA--TÉRMINO DE MATERIA
Término de materia o nombre geográfico como elemento de entrada Activistas políticos
Subdivisión geográfica Estados Unidos.
650 #4 - PUNTO DE ACCESO ADICIONAL DE MATERIA--TÉRMINO DE MATERIA
Término de materia o nombre geográfico como elemento de entrada Problemas sociales
Subdivisión geográfica Estados Unidos.
700 1# - ENTRADA AGREGADA--NOMBRE PERSONAL
Nombre de persona Phelps, Christopher,
Fechas asociadas al nombre 1965-
856 42 - LOCALIZACIÓN Y ACCESO ELECTRÓNICOS
Materiales especificados Book review (H-Net)
Identificador Uniforme de Recursos <a href="http://www.h-net.org/reviews/showrev.php?id=44862">http://www.h-net.org/reviews/showrev.php?id=44862</a>
942 ## - ELEMENTOS DE ENTRADA SECUNDARIOS (KOHA)
Fuente del sistema de clasificación o colocación Clasificación de Library of Congress
Tipo de ítem Koha
946 ## - PROCESAMIENTO DE INFORMACIÓN LOCAL (OCLC)
a dvf
963 ## -
-- Contact: Sandeep Kumar; phone: 91-01207182424; email: sandeep.kumar4@aptaracorp.com; bc: sreid@cambridge.org
Holdings
Estatus retirado Estado de pérdida Fuente del sistema de clasificación o colocación Estado de daño No para préstamo Colección Biblioteca de origen Biblioteca actual Ubicación en estantería Fecha de adquisición Serial enumeration / chronology Signatura topográfica completa Código de barras Visto por última vez Copia número Tipo de ítem Koha
    Clasificación de Library of Congress     Ciencias Sociales Biblioteca Juan Bosch Biblioteca Juan Bosch Ciencias Sociales (3er. Piso) 10/04/2023 1 HN 57 B849r 2015 00000121963 24/10/2018 1